Собрание сочинений. Т. 3: Стихотворения, 1956-1965 (Запись № 5431975)

Подробности
000 -МАРКЕР
контрольное поле 01547nam2a22002771 4500
001 - ИДЕНТИФИКАТОР ЗАПИСИ
контрольное поле rc\2214718
005 - ИДЕНТИФИКАТОР ВЕРСИИ
контрольное поле 20260327155708.0
035 ## - ДРУГИЕ СИСТЕМНЫЕ НОМЕРА
Идентификатор записи (NLR Aleph) 006719871
100 ## - ДАННЫЕ ОБЩЕЙ ОБРАБОТКИ
Данные общей обработки 20110829d1979 u y0rusy50 ca
101 0# - ЯЗЫК РЕСУРСА
Язык текста, звукозаписи и т.д. русский
102 ## - СТРАНА ПУБЛИКАЦИИ ИЛИ ПРОИЗВОДСТВА
Страна публикации Российская Федерация
105 ## - ПОЛЕ КОДИРОВАННЫХ ДАННЫХ: ТЕКСТОВЫЕ МАТЕРИАЛЫ, МОНОГРАФИЧЕСКИЕ
Кодированные данные о монографическом текстовом документе c z |||a|
200 1# - ЗАГЛАВИЕ И СВЕДЕНИЯ ОБ ОТВЕТСТВЕННОСТИ
Основное заглавие Стихотворения, 1956-1965
Первые сведения об ответственности [Сост. подгот. текста и коммент В.С. Киселева-Сергенина]
210 ## - ПУБЛИКАЦИЯ, РАСПРОСТРАНЕНИЕ И ДР.
Дата издания, распространения и т.д. 1979
215 ## - ФИЗИЧЕСКАЯ ХАРАКТЕРИСТИКА
Специфическое обозначение материала и объем 591 с., 1 л. портр.
Размеры 21
300 ## - ОБЩИЕ ПРИМЕЧАНИЯ
Текст примечания Изд. выходит с 1978 г.
320 ## - ПРИМЕЧАНИЯ О НАЛИЧИИ В ДОКУМЕНТЕ БИБЛИОГРАФИИ / УКАЗАТЕЛЯ
Текст примечания Библиогр. в примеч.: с. 539-578
461 #0 - УРОВЕНЬ НАБОРА
Встроенное поле 001rc\2214715
-- 2001#$aСобрание сочинений$eВ 4 т.$fАлександр Прокофьев$g[Составление В.В. Базанова]$gПод общ. ред. В.Г. Базанова и др.$g[Вступ. статья В. Дементьева, с 5-24]$vТ. 3
-- 700#1$aПрокофьев$bА.А.$f1900-1971$gАлександр Андреевич
Системный номер (АБИС) связанной записи 5431950
Автор Прокофьев, А. А. (поэт ; 1900-1971)
Место публикации Ленинград
Дата публикации 1978-
Первые сведения об ответственности Александр Прокофьев
Имя издателя, распространителя и т.д. Худож. лит. Ленингр. отд-ние
Сведения, относящиеся к заглавию В 4 т.
Заглавие Собрание сочинений
Номер тома Т. 3
702 #1 - ИМЯ ЛИЦА - ВТОРИЧНАЯ ОТВЕТСТВЕННОСТЬ
Код отношения Прочие
Графика поля Кириллица
Материалы, к которым относится поле rus
Начальный элемент ввода Киселев
Часть имени, кроме начального элемента ввода В. С.
Дополнения к именам, кроме дат литературовед
Даты 1928-1995
Расширение инициалов личного имени Владимир Сергеевич
Системный номер авторитетной/нормативной записи 169822
Идентификатор авторитетной/нормативной записи RU\NLR\AUTH\770169872
801 #0 - ИСТОЧНИК ЗАПИСИ
Страна Российская Федерация
Организация NLR
Правила каталогизации psbo
801 #1 - ИСТОЧНИК ЗАПИСИ
Страна Российская Федерация
Организация ELAR
Источник данных rusmarc
852 ## - МЕСТОНАХОЖДЕНИЕ И ШИФР ХРАНЕНИЯ
Идентификатор организации NLR
Шифр хранения (Call Number) 78-3/2016
942 ## - ДОПОЛНИТЕЛЬНЫЕ ЭЛЕМЕНТЫ ЗАПИСИ (АБИС)
Тип экземпляра АБИС Книга
980 ## - КОЛЛЕКЦИЯ
Название коллекции Национальная библиография
Экземпляры
Тип экземпляра Дата поступления Библиотека постоянного хранения Библиотека текущего хранения Место хранения Шифр хранения Штрих-код Статус экземпляра
Книга 26.10.2013 РНБ (Московский) РНБ (Московский) Русский книжный фонд: издания с 1957 года 78-3/2016 6719871-10